<?xml version="1.0" encoding="UTF-8"?>
<marc:record xmlns:marc="http://www.loc.gov/MARC21/slim">
   <marc:leader>00000nam a2200000 a 4500</marc:leader>
   <marc:datafield ind1="1" ind2=" " tag="100">
      <marc:subfield code="a">Fitzek, Sebastian</marc:subfield>
      <marc:subfield code="4">aut</marc:subfield>
      <marc:subfield code="e">Verfasser/-in</marc:subfield>
   </marc:datafield>
   <marc:datafield ind1=" " ind2=" " tag="653">
      <marc:subfield code="a">Psychologischer Roman</marc:subfield>
   </marc:datafield>
   <marc:datafield ind1=" " ind2=" " tag="653">
      <marc:subfield code="a">Psychotherapie</marc:subfield>
   </marc:datafield>
   <marc:datafield ind1=" " ind2=" " tag="653">
      <marc:subfield code="a">Krimi</marc:subfield>
   </marc:datafield>
   <marc:datafield ind1=" " ind2=" " tag="653">
      <marc:subfield code="a">Kriminalroman</marc:subfield>
   </marc:datafield>
   <marc:datafield ind1="0" ind2="0" tag="245">
      <marc:subfield code="a">Die Therapie</marc:subfield>
   </marc:datafield>
   <marc:datafield ind1="0" ind2="0" tag="245">
      <marc:subfield code="b">Roman</marc:subfield>
   </marc:datafield>
   <marc:datafield ind1=" " ind2="1" tag="264">
      <marc:subfield code="b">Bechtermünz</marc:subfield>
      <marc:subfield code="c">2006</marc:subfield>
   </marc:datafield>
   <marc:datafield ind1="1" ind2=" " tag="520">
      <marc:subfield code="a">Keine Zeugen, keine Spuren, keine Leiche. Josy, die 12-jährige Tochter des bekannten Psychiaters Viktor Larenz, verschwindet unter mysteriösen Umständen. Ihr Schicksal bleibt ungeklärt. Vier Jahre später: Der trauernde Viktor hat sich in ein abgelegenes Ferienhaus zurückgezogen. Doch eine schöne Unbekannte spürt ihn dort auf. Sie wird von Wahnvorstellungen gequält. Darin erscheint ihr immer wieder ein kleines Mädchen, das ebenso spurlos verschwindet wie einst Josy. Viktor beginnt mit der Therapie, die mehr und mehr zum dramatischen Verhör wird à   Über den Autor Sebastian Fitzek wurde 1971 in Berlin geboren, von wo aus er heute als Journalist und Autor für zahlreiche Hörfunkstationen und TV-Sender tätig ist. "Die Therapie" ist sein erster Roman. *amazon.de*</marc:subfield>
   </marc:datafield>
   <marc:datafield ind1=" " ind2=" " tag="020">
      <marc:subfield code="a">9783828986855</marc:subfield>
      <marc:subfield code="9">9783828986855</marc:subfield>
   </marc:datafield>
</marc:record>
